000 00338cam a2200145ua 4500
041 _aeng
_h
082 _a822
_bMAS/GO
100 _aMasefield, John .
245 _agood friday /
_cJohn Masefield.
_hTextual Documents
260 _aLondon :
_bHeinemann ,
_c1964.
300 _a49 ; .
504 _a
942 _cBK
999 _c6107
_d6107